000 01221nam a2200301 a 4500
001 000033503
005 20250710141410.0
008 110830d1982 dr 000 0 spa d
040 _aDO-SdBNP
_bspa
_cBNPHU
082 _a510
_bB142m, 1982
100 1 _aBaéz de Erazo, Melba
_937061
245 1 0 _aMatemática básica I /
_cMelba Baéz de Erazo, Reyita Taveras de Fría.
250 _a4a ed.
260 _aSanto Domingo :
_bUASD,
_c1982.
300 _a314 p. ;
_c23 cm.
490 1 _aPublicaciones de la Universidad Autónoma de Santo
_v281
_aCiencia y tecnología
_v11
504 _aBibliografía : p. 315
590 _aInventariado, 2018/BT
650 0 _aMatemáticas
_XLIBROS DE TEXTO
_91258
650 4 _aMatemáticas
_xProblemas, ejercícios, etc.
_919473
650 4 _aTeoría de conjuntos
_xProblemas, ejercicios, etc.
_919474
650 4 _aLógica
_xProblemas, ejercicios, etc.
_936516
650 4 _aEcuaciones
_xProblemas, ejercicios, etc.
_919476
700 1 2 _aTaveras de Fría, Rayita
_950281
710 1 _aUniversidad Autónoma de Santo Domingo
_972951
830 0 _aPublicaciones de la Universidad Autónoma de Santo
_n11
_pCiencia y tecnología; 281
_959024
910 _aValidado. Control de calidad. MFF
999 _c32994
_d32994